000 01330nam0a22002651 4500
001 rc\49184
005 20260407134741.0
035 _a(NLR Aleph) 005328561
090 _a6566285
_c6566285
100 _a20021216d1991 |||y0rusy50 ca
101 0 _arus
102 _aRU
105 _aa |||||||||
200 1 _aНовое в технологии и технике мукомольных заводов макаронного помола
_f[А.С. Талалаев, С.С. Тарасенко]
210 _aМ.
_cЦНИИТЭИхлебопродуктов
_d1991
215 _a24 с., [1] л. схем.
_d22
225 1 _aМукомольно-крупяная промышленность
_eОбзор. информ.
_fВНПО "Зернопродукт", ЦНИИ информ. и техн.-экон. исслед.
320 _aБиблиогр.: с. 17 (5 назв.)
701 1 _aТалалаев
_bА.С.
_gАлександр Сергеевич
712 0 2 _a"Зернопродукт", всесоюзное научно-производственное объединение
_bЦНИИ информации и технико-экономических исследований
_3RU\NLR\AUTH\8810002628
_9502481
801 0 _aRU
_bNLR
_gpsbo
801 1 _aRU
_bELAR
_2rusmarc
852 _aNLR
_j91-6/182
942 _cBOOK
980 _aNB